000 01088nam a22003257a 4500
001 3012
003 DO-SdBPM
005 20250708103847.0
007 ta
008 160627b2007 ag ||||| 00| 0 spa d
020 _a9789500815123
040 _aDO-SdBPM
_bspa
_cBPMSU
_erda
082 4 _a813.41
_bA355h 2007
_222
100 1 _aAlcott, Luisa May,
_d1832-1888.
_eautor
245 1 0 _aHombrecitos /
_c Louisa M. Alcott.; traducción Cora Bosch ; ilustraciones Horacio Daniel Gatto
250 _a6a. ed.
264 _aBunos Aires, Argentina :
_bEditorial Atlántida,
_c2007
300 _a210 págians :
_bilustraciones ;
_c22 cm.
336 _atexto
_btxt
_2rdacontent
337 _asin mediación
_bn
_2rdamedia
338 _avolumen
_bnc
_2rdacarrier
490 0 _aNueva biblioteca Billiken
590 _aInventariado, 2025/VM
650 7 _aNovela juvenil estaounidense
650 7 _aFamilia
_vNovela juvenil
700 1 _aBosch, Cora
_etraductor .
700 1 _aGatto, Horacio Daniel
_eilustración
910 _aVMateo V. Control de calidad. BPMSU
942 _2ddc
_cBK
999 _c10586
_d10586